Intermodálne terminály - nekonečný príbeh

Zapojenie Slovenska do medzinárodnej obchodnej deľby a požiadavka vytvorenia podmienok na zabezpečenie dopravných služieb na vyššej kvalitatívnej úrovni ako doteraz. Vytváranie dopravno-komunikačných uzlov za účelom efektívnejšej prepravy. Dôležitá súčťasť týchto uzlov - terminály intermodálnej dopr...

Ausführliche Beschreibung

Gespeichert in:
Bibliographische Detailangaben
1. Verfasser: Oravec, Jozef
Format: Buchkapitel
Sprache:Slowakisch
Schlagworte:
Tags: Tag hinzufügen
Keine Tags, Fügen Sie das erste Tag hinzu!

MARC

LEADER 00000naa a2200000 4500
001 0145950
005 20231011072934.6
041 0 |a slo 
044 |a CZ 
245 1 0 |a Intermodálne terminály - nekonečný príbeh  |c Jozef Oravec 
520 |a Zapojenie Slovenska do medzinárodnej obchodnej deľby a požiadavka vytvorenia podmienok na zabezpečenie dopravných služieb na vyššej kvalitatívnej úrovni ako doteraz. Vytváranie dopravno-komunikačných uzlov za účelom efektívnejšej prepravy. Dôležitá súčťasť týchto uzlov - terminály intermodálnej dopravy. Sedem funkčných terminálov intermodálnej prepravy na Slovensku. Plány vybudovať terminály v Bratislave, Košiciach, Žiline a Zvolene. Terminál v Dunajskej Strede ako jeden z najmodernejších terminálov v strednej Európe. Intermodálne terminály v Nemecku. 
610 2 0 |a logistika 
610 2 0 |a doprava cestná nákladná 
610 2 0 |a doprava železničná nákladná 
610 2 0 |a doprava kontajnerová 
100 1 |a Oravec, Jozef